Rethinking music education and social change /

Bibliographic Details
Main Author: Kertz-Welzel, Alexandra (Author)
Corporate Author: ProQuest (Firm)
Format: eBook
Language:English
Published: New York, NY : Oxford University Press, [2022]
Subjects:
Online Access:Connect to the full text of this electronic book

MARC

Tag First Indicator Second Indicator Subfields
LEADER 00000nam a2200000 i 4500
001 in00004385366
006 m o d
007 cr |||||||||||
008 210616s2022 nyu ob 001 0 eng
005 20250816204050.8
010 |a  2021029391 
020 |a 9780197566312  |q electronic book 
020 |a 0197566316  |q electronic book 
020 |a 0197566294  |q electronic book 
020 |a 9780197566305  |q electronic book 
020 |a 0197566308  |q electronic book 
020 |a 9780197566299  |q (electronic bk.) 
020 |z 9780197566275  |q hardcover 
020 |z 9780197566282  |q paperback 
024 8 |a 40030838515 
035 |a (DLC)ebc6802210 
040 |a NhCcYBP  |c NhCcYBP 
042 |a pcc 
050 4 |a MT1  |b .K404 2022 
082 0 0 |a 780.71  |2 23 
100 1 |a Kertz-Welzel, Alexandra,  |e author. 
245 1 0 |a Rethinking music education and social change /  |c Alexandra Kertz-Welzel. 
264 1 |a New York, NY :  |b Oxford University Press,  |c [2022] 
300 |a 1 online resource. 
336 |a text  |b txt  |2 rdacontent 
337 |a computer  |b c  |2 rdamedia 
338 |a online resource  |b cr  |2 rdacarrier 
504 |a Includes bibliographical references and index. 
505 0 |a Introduction -- The arts and social change -- The power of utopian thinking -- Transforming society -- Music education and utopia -- Conclusion. 
588 |a Description based on online resource; title from digital title page (viewed on November 29, 2021). 
650 0 |a Music  |x Instruction and study  |x Social aspects. 
650 0 |a Social change. 
655 7 |a Electronic books.  |2 local 
710 2 |a ProQuest (Firm) 
776 1 8 |i Print version:  |a Kertz-Welzel, Alexandra.  |t Rethinking music education and social change  |d New York : Oxford University Press, 2021  |z 9780197566275  |w (DLC) 2021029390 
856 4 0 |u https://ebookcentral.proquest.com/lib/tamucs/detail.action?docID=6802210  |z Connect to the full text of this electronic book  |t 0 
945 |b 108357 
955 |a YBP purchased approval e-records 
980 |b ebook  |c 40030838515  |f NONFIC/B  |g 565751  |k USD  |m 219.38  |q 1  |s AcqMono Conventional  |t Approval plan  |u Vendor order reference number  |v ZYBP  |y E-approvals  |z Electronic resource 
987 |a ybp17721069 
999 f f |s ab17916a-7a8d-30f0-8595-a805208eb636  |i 47786200-f655-381a-b0e5-f68b93970fd6  |t 0 
952 f f |a Texas A&M University  |b College Station  |c Electronic Resources  |d Available Online  |t 0  |e MT1 .K404 2022  |h Library of Congress classification 
998 f f |a MT1 .K404 2022  |t 0  |l Available Online